A TEXT BOOK OF PHARMACOGNOSY -V (PLANTBIOLOGY) SEM-VI (Record no. 5806)

MARC details
000 -LEADER
fixed length control field 00480nam a22001817a 4500
005 - DATE AND TIME OF LATEST TRANSACTION
control field 20240108112355.0
008 - FIXED-LENGTH DATA ELEMENTS--GENERAL INFORMATION
fixed length control field 190405b xxu||||| |||| 00| 0 eng d
020 ## - INTERNATIONAL STANDARD BOOK NUMBER
ISBN 978-9383-073-46-7
041 ## - LANGUAGE CODE
Language code of text/sound track or separate title eng
082 ## - DEWEY DECIMAL CLASSIFICATION NUMBER
Classification number 615.321
100 ## - MAIN ENTRY--AUTHOR NAME
Personal name GOKHALE, S.B .,KOKATE,C.K AND PUROHIT,A.P
245 ## - TITLE STATEMENT
Title A TEXT BOOK OF PHARMACOGNOSY -V (PLANTBIOLOGY) SEM-VI
250 ## - EDITION STATEMENT
Edition statement 3RD ,2019
260 ## - PUBLICATION, DISTRIBUTION, ETC. (IMPRINT)
Place of publication PUNE
Name of publisher NIRALI PUBLICATION
300 ## - PHYSICAL DESCRIPTION
Number of Pages 1.4;p
650 ## - SUBJECT ADDED ENTRY--TOPICAL TERM
Topical Term PHARMACY
942 ## - ADDED ENTRY ELEMENTS (KOHA)
Koha item type Books
Holdings
Lost status Damaged status Collection code Home library Current library Shelving location Date acquired Source of acquisition Cost, normal purchase price Full call number Accession Number Koha item type
    PHARMACY JRU Library JRU Library Shelf - 25- D 05/04/2019 PURCHESS 60.00 615.321 22600 Books
    PHARMACY JRU Library JRU Library Shelf - 25- D 05/04/2019 PURCHESS 60.00 615.321 22601 Books
    Reference JRU Library JRU Library SHELF-4-B 05/04/2019 PURCHESS 60.00 615.321 22602 Books